000 00299nam a22001337a 4500
008 170605b xxu||||| |||| 00| 0 eng d
020 _a9780252063459
041 _aeng
080 _a94
100 _a18
101 _aSHH
245 _aLYNCHING IN THE NEW SOUTH
_cBRUNDAGE,W,F
942 _2udc
_cBK
999 _c15994
_d15994